| 000 | 01938cam a22004697a 4500 | ||
|---|---|---|---|
| 001 | 000002534 | ||
| 003 | CHAP | ||
| 005 | 20220817040915.0 | ||
| 008 | 971013s1990 r 00010 d | ||
| 010 | _a2485 | ||
| 011 | _a3457 | ||
| 035 | _a2657 | ||
| 040 | _cCHAP | ||
| 082 | 0 | 4 |
_a634.928 _bR55 |
| 100 | 0 | 0 |
_aRivero Baños, D. Pioquinto. _997790 |
| 245 | 1 | 0 | _aPrincipios básicos de regulación forestal. |
| 260 |
_aChapingo, Méx. : _bUACH. División de Ciencias Forestales, _c1990. |
||
| 300 | _a262 p. | ||
| 490 | 1 |
_aSerie de apoyo académico _v; 42 |
|
| 590 |
_aBATCH-UPD _b10 _c20130110 _lUCH01 _h0900 |
||
| 590 |
_aBATCH-UPD _b10 _c20130410 _lUCH01 _h0529 |
||
| 590 |
_aBATCH-UPD _b10 _c20130914 _lUCH01 _h0701 |
||
| 590 |
_aCONVERSION _b10 _c20130109 _lUCH01 _h1303 |
||
| 590 |
_aE5995AHE _b05 _c20150325 _lUCH01 _h1404 |
||
| 650 | 1 | 4 |
_aBosques _xAdministración. _914003 |
| 700 | 0 |
_aZepeda Bautista, Ernesto Marcelo. _9123915 |
|
| 830 | 0 |
_aSerie de apoyo académico _v; 42 |
|
| 901 | _aBK | ||
| 942 | _cLIBRO | ||
| 942 | _n0 | ||
| 949 |
_a634.928 R55 _bBC _cLIBRO _d33724000008520 _eLIBRO _fc.11 _h88060 _i2657 _si |
||
| 949 |
_a634.928 R55 _bBC _cLIBRO _d33724000246500 _eLIBRO _h79049 _i2657 _si |
||
| 949 |
_a634.928 R55 _bBC _cLIBRO _d33724000246518 _eLIBRO _fc.3 _gI.c/e _h80061 _i2657 _si _t20.00 |
||
| 949 |
_a634.928 R55 _bBC _cLIBRO _d33724000246526 _eLIBRO _fc.4 _h80062 _i2657 _si |
||
| 949 |
_a634.928 R55 _bBC _cLIBRO _d33724000246534 _eLIBRO _fc.5 _h80063 _i2657 _si |
||
| 949 |
_a634.928 R55 _bBC _cLIBRO _d33724000246542 _eLIBRO _fc.6 _h80064 _i2657 _si |
||
| 949 |
_a634.928 R55 _bBC _cLIBRO _d33724000246559 _eLIBRO _fc.7 _h80065 _i2657 _si |
||
| 949 |
_a634.928 R55 _bBC _cLIBRO _d33724000246567 _eLIBRO _fc.8 _i2657 _si |
||
| 949 |
_a634.928 R55 _bBC _cLIBRO _d33724000246575 _eLIBRO _fc.9 _h80068 _i2657 _si |
||
| 949 |
_a634.928 R55 _bBC _cLIBRO _d33724000246583 _eLIBRO _fc.10 _h80069 _i2657 _si |
||
| 949 |
_a634.928 R55 _bBC _cUACH _d26571 _eUACH _fc.2 _h79311 _i2657 _sb |
||
| 999 |
_c2485 _d2485 |
||